[Event "68th GRE-ch 2018"]
[Site "Thessaloniki"]
[Date "2018.12.13"]
[Round "2"]
[White "Skaperdas, Kostantinos"]
[Black "Mastrovasilis, Athanasios"]
[Result "0-1"]
[WhiteElo "2231"]
[BlackElo "2510"]
[Annotator "TA"]
[PlyCount "62"]
[EventDate "2018.12.12"]
[EventType "tourn"]
[EventCountry "GRE"]
[SourceTitle "playchess.com"]
[Source "ChessBase"]
[SourceQuality "1"]

{[%evp 21,62,0,15,8,15,0,0,7,0,-42,-33,-97,-102,-85,-83,-158,-144,-144,-154,-129,-147,-266,-199,-326,-339,-325,-302,-331,-313,-329,-304,-513,-494,-608,-580,-29983,-29981,-29981,-29982,-3530,-3001,-29986,-29987]} 1. e4 e5 2. Nf3 Nc6 3. Bb5 a6 4. Ba4 Nf6 5. O-O b5 6. Bb3 Bb7 7. Nc3 Be7 8. d3 O-O 9. a3 {C84: Closed Ruy Lopez: Unusual White 6th moves} d6 10. Nd5 (10. Ne2 Qd7 11. Ng3 Nd8 12. Ba2 c5 13. b4 Ne6 14. Re1 Rae8 15. c4 Bd8 16. h3 Bb6 17. Be3 {0-1 (42) Wei,Y (2734)-Yu,Y (2759) Ningbo 2018}) 10... Nxd5 11. Bxd5 Bf6 {LiveBook: 5 Games} 12. c3 Qc8 13. Bg5 Bxg5 14. Nxg5 {And now Qh5 would win.} h6 15. Nxf7 $146 ({Predecessor:} 15. Nh3 Ne7 16. Bb3 d5 {0-1 (32) Gonzalez Recas,F (1766)-Rueda Maria,R (1891) Madrid 2016}) 15... Rxf7 16. Qb3 (16. Bxf7+ $15 Kxf7 17. a4) 16... Nd8 $1 $17 {White must now prevent ...Bxd5.} 17. Bxf7+ Nxf7 18. f4 {[#]} (18. f3 $142) 18... c5 $1 {[%cal Bc7c5,Bc5c4][%mdl 32]} 19. c4 {[#]} exf4 $1 20. cxb5 g5 21. g3 {[#]} (21. a4 $17 {was worth a try.}) 21... d5 $1 {[%mdl 512]} 22. bxa6 (22. Rae1 $142) (22. exd5 axb5) 22... Rxa6 $19 23. Rae1 c4 24. Qc3 dxe4 25. dxe4 Qc5+ 26. Kg2 $2 (26. Rf2 {was the only defense.}) 26... Re6 27. gxf4 Bxe4+ 28. Kh3 Qf5+ {[%mdl 64] Double Attack} 29. Kg3 gxf4+ 30. Kf2 Rg6 {[%csl Ge4][%cal Rg6g2]} 31. Rg1 Qc5+ {Accuracy: White = 30%, Black = 83%.} 0-1

[Event "68th GRE-ch 2018"]
[Site "Thessaloniki"]
[Date "2018.12.14"]
[Round "3"]
[White "Mastrovasilis, Athanasios"]
[Black "Kanakaris, Georgios"]
[Result "1/2-1/2"]
[WhiteElo "2510"]
[BlackElo "2401"]
[Annotator "TA"]
[PlyCount "141"]
[EventDate "2018.12.12"]
[EventType "tourn"]
[EventCountry "GRE"]
[SourceTitle "playchess.com"]
[Source "ChessBase"]
[SourceQuality "1"]

{[%evp 10,141,28,12,13,15,12,3,18,13,5,8,25,28,32,25,52,48,48,49,64,52,83,83,83,89,81,87,85,78,82,67,75,72,91,87,103,110,122,103,139,106,114,95,100,89,100,107,103,92,104,82,91,58,100,77,100,66,89,14,23,17,21,8,8,0,29,0,42,21,50,24,42,27,107,79,87,55,88,68,135,85,118,0,0,0,0,0,0,0,0,0,0,0,0,0,0,0,0,0,0,0,0,0,0,0,0,0,0,0,0,0,0,0,0,0,0,0,0,0,0,0,0,0,0,0,0,0,0,0,0,0,0,0]} 1. Nf3 Nf6 2. g3 g6 3. b3 Bg7 4. Bb2 O-O 5. Bg2 a5 6. a4 {LiveBook: 4 Games. A05: Réti Opening: 1 Nf3 Nf6} (6. O-O a4 7. c4 d6 8. d4 Nbd7 9. Nc3 Nb6 10. Qc2 d5 11. c5 a3 12. Bxa3 Rxa3 13. cxb6 cxb6 {0-1 (66) Carlsen,M (2838)-Jobava,B (2701) chess.com INT 2017}) 6... d5 7. d4 Nc6 $146 ({Predecessor:} 7... Bf5 8. Nbd2 c6 9. O-O Qc8 10. Re1 h6 11. c4 {½-½ (51) Secula,V (2080)-Uhlmann,W (2460) Grieskirchen 1998}) 8. Nbd2 Bf5 9. Nh4 Be6 10. O-O h6 11. Nhf3 {[%cal Bh4f3,Bf3e5,Be5d3,Bd3f4][%mdl 32]} Nb4 12. Ne5 Rc8 13. c3 Na6 14. e3 Nd7 15. Nd3 c6 16. Nf4 Nc7 17. c4 Nf6 18. Nxe6 Nxe6 19. Bh3 Qd7 20. Qe1 Ra8 21. Rc1 Nh7 22. f4 f5 23. cxd5 cxd5 24. Nf3 Nd8 25. Qe2 Nc6 26. Qb5 Rfc8 27. Ne5 Bxe5 28. dxe5 Nf8 29. Rfd1 {[%cal Bf1d1,Bd1d2,Bd2c2][%mdl 32]} e6 30. Bf1 Qe7 31. Rd2 Nd7 32. Rdc2 Rab8 33. Bd4 Kf7 34. Bc5 (34. Bc3 $16) 34... Nxc5 $11 35. Rxc5 Qd8 36. Bd3 h5 37. R5c2 Kg8 38. Bf1 Kf7 39. Be2 Kf8 40. Qc5+ Kf7 41. Bb5 Rc7 (41... g5 $11 {keeps the balance.}) 42. Bxc6 Rxc6 {[#]} 43. Qa7 $1 Rxc2 44. Rxc2 $14 {[%mdl 4096] Endgame KQR-KQR} Ke8 (44... Kg7 $14) 45. Kg2 Rc8 {[#]} 46. Rc5 (46. Rxc8 $1 $16 Qxc8 47. Qxa5) 46... Rxc5 $11 {The position is equal.} 47. Qxc5 {KQ-KQ} Kf7 48. Kf3 b6 49. Qc3 Qd7 50. Ke2 Qb7 51. Kd2 Ke8 52. b4 axb4 53. Qxb4 Qc6 54. a5 bxa5 55. Qxa5 Qb7 56. Qa4+ Kf7 57. Qa3 Qb6 58. Qc3 Qa7 59. Ke1 Qb7 60. Kf2 Kg7 61. Qc5 Kf7 62. Qa3 Kg7 63. Kg1 h4 64. gxh4 Qb1+ 65. Kf2 {Hoping for Qe7+.} Qc2+ 66. Kg3 {Threatens to win with Qe7+.} Qd1 67. Qe7+ Kh6 68. Qf8+ Kh7 69. Qf7+ Kh6 70. Qf8+ Kh7 71. Qe7+ {Accuracy: White = 45%, Black = 60%.} 1/2-1/2

[Event "68th GRE-ch 2018"]
[Site "Thessaloniki"]
[Date "2018.12.14"]
[Round "3"]
[White "Grivas, Efstratios"]
[Black "Skaperdas, Kostantinos"]
[Result "1-0"]
[WhiteElo "2424"]
[BlackElo "2231"]
[Annotator "TA"]
[PlyCount "75"]
[EventDate "2018.12.12"]
[EventType "tourn"]
[EventCountry "GRE"]
[SourceTitle "playchess.com"]
[Source "ChessBase"]
[SourceQuality "1"]

{[%evp 23,75,-3,11,0,20,0,0,-10,32,28,39,20,33,5,31,0,0,0,8,8,54,6,6,3,22,0,4,0,9,11,11,0,34,35,64,78,58,40,81,75,466,465,606,598,594,587,822,808,808,797,29974,952,833,752]} 1. c4 e6 2. g3 d5 3. Bg2 g6 4. Nf3 Bg7 5. O-O Ne7 6. d4 Nbc6 7. cxd5 exd5 8. Nc3 O-O 9. Bf4 Bg4 {A13: English Opening: 1...e6} 10. Ne5 Nxe5 11. Bxe5 c6 12. Bxg7 Kxg7 {LiveBook: 4 Games} 13. Qd2 Qd7 14. b4 $146 ({Predecessor:} 14. Rfe1 Rad8 15. b4 Bh3 16. Bh1 h5 17. a4 {0-1 (53) Gholami,A (2454)-Miroshnichenko,E (2616) Guilan 2016}) 14... Rfe8 15. a4 {[%cal Ba2a4,Ba4a5][%mdl 32]} Nc8 {[%cal Be7c8,Bc8b6,Bb6c4,Bc4d2][%mdl 32]} 16. e4 {[%cal Re4d5]} Nb6 17. a5 Nc4 18. Qf4 {[%cal Re4d5]} Be6 19. exd5 cxd5 20. h4 h5 21. Rfc1 Rec8 22. Qf3 {[%cal Rc3d5]} Nd2 $1 {[%cal Rd2f3]} 23. Qd1 $1 {[%cal Rd1d2]} Nc4 24. Qd3 Rc7 25. Ne2 Rac8 26. Nf4 Bf5 27. Qd1 Be6 28. Qe2 Bg4 29. Qa2 Be6 30. Rc2 Qd6 31. Re1 Qxb4 $2 {[%mdl 8192]} (31... Bf5 $16) 32. Rxe6 $18 ({Weaker is} 32. Nxe6+ fxe6 33. Rxe6 Rc6 $16) 32... fxe6 33. Nxe6+ {[%mdl 64] [#] Double Attack} Kh7 {Hoping for ...Qe1+.} 34. Nxc7 Rxc7 35. Bxd5 Qe1+ 36. Kg2 Nd2 37. Rxd2 (37. Rxc7+ $142 Kh6 38. Rf7 Qc1 39. Bxb7 a6 40. Qe6 Nc4 41. Qe7 Ne3+ 42. fxe3) 37... Rc1 38. Kh3 {Accuracy: White = 53%, Black = 22%.} 1-0

[Event "68th GRE-ch 2018"]
[Site "Thessaloniki"]
[Date "2018.12.14"]
[Round "3"]
[White "Kourkoulos-Arditis, Stamatis"]
[Black "Koutoukidis, Panagiotis"]
[Result "1-0"]
[WhiteElo "2424"]
[BlackElo "2357"]
[Annotator "TA"]
[PlyCount "113"]
[EventDate "2018.12.12"]
[EventType "tourn"]
[EventCountry "GRE"]
[SourceTitle "playchess.com"]
[Source "ChessBase"]
[SourceQuality "1"]

{[%evp 18,113,45,42,37,47,41,19,25,21,29,22,58,62,68,66,64,64,95,93,107,115,105,69,81,47,48,0,44,14,18,0,67,81,82,82,76,70,102,102,109,100,120,91,91,88,83,71,149,116,132,132,132,127,136,130,129,119,125,108,114,111,107,87,91,90,89,90,95,89,88,87,101,93,94,94,242,248,215,238,229,187,387,379,369,370,435,440,347,327,560,590,29976,29977,29977,29978,29978,29976]} 1. e4 e5 2. Nf3 Nc6 3. Bb5 a6 4. Ba4 Nf6 5. O-O Be7 6. d3 b5 7. Bb3 d6 8. a4 Na5 {C84: Closed Ruy Lopez: Unusual White 6th moves} (8... b4 9. a5 O-O 10. Nbd2 h6 11. Re1 Rb8 12. h3 Be6 13. Ba4 Nxa5 14. d4 c5 15. dxe5 dxe5 16. Nxe5 c4 17. Qe2 Rc8 18. Ndf3 {½-½ (25) Vitiugov,N (2730)-Tomashevsky,E (2702) Satka 2018}) 9. axb5 Nxb3 10. cxb3 {LiveBook: 7 Games} Bb7 {White is slightly better.} 11. bxa6 Bxa6 12. Na3 $146 ({Predecessor:} 12. b4 O-O 13. Nc3 Qd7 14. Re1 Rfb8 15. d4 exd4 16. Qxd4 {½-½ (46) Bulockin,M (2154)-Gheng,J (2328) Pardubice 2018}) 12... O-O 13. Nc4 Bb5 14. Bd2 Nd7 {[%cal Bf6d7,Bd7c5,Bc5e6,Be6f4][%mdl 32]} 15. Qc2 Nc5 16. d4 exd4 17. Nxd4 Qd7 18. Nxb5 Qxb5 19. b4 Ne6 20. Ne3 Bg5 21. Rxa8 Rxa8 22. Nf5 Bf6 23. Bc3 Nf4 {White must now prevent ...Bxc3.} 24. Ng3 {Threatens to win with Bxf6.} (24. Re1 {feels hotter.} Qd3 25. Qxd3 Nxd3 26. Rb1 Bxc3 27. bxc3 Ra3 28. b5) 24... Bh4 ({Black should try} 24... Bxc3 $11 25. bxc3 h5) 25. Re1 $1 $14 Bxg3 26. hxg3 Ne6 27. Qd2 Rb8 28. Ra1 h6 29. Qd5 Qe2 30. Re1 Qa6 31. Rd1 Qa4 32. Qd3 Qb3 ({Better is} 32... Rd8) 33. Qe2 Qa4 34. Rd5 Qc6 35. f3 Qb6+ 36. Kh2 Ra8 37. Ra5 Rb8 38. Ra6 Qb7 39. Qc4 Kf8 40. Rc6 Qb5 41. Qxb5 Rxb5 $16 {[%mdl 4096] Endgame KRB-KRN} 42. Ra6 Ke7 43. g4 f6 44. Kg3 Kd7 45. Ra8 d5 46. Ra5 Rxa5 (46... c6 $16) 47. bxa5 {KB-KN} d4 48. Be1 c5 49. b3 $1 g5 $2 (49... Kc6 {was necessary.}) 50. Kf2 $18 Kc6 51. g3 $1 Kb5 52. Ke2 Nd8 53. Kd3 Nc6 $2 {[#]} (53... Ne6 54. a6 Kxa6) 54. f4 $1 {[%cal Bf3f4,Bf4f5][%mdl 32]} Nxa5 55. Bxa5 {White mates.} Kxa5 56. e5 fxe5 {[#]} 57. f5 $1 {Accuracy: White = 69%, Black = 39%.} 1-0

[Event "68th GRE-ch 2018"]
[Site "Thessaloniki"]
[Date "2018.12.14"]
[Round "3"]
[White "Gouloutis, Nikolaos"]
[Black "Ioannidis, Evgenios"]
[Result "0-1"]
[WhiteElo "2353"]
[BlackElo "2382"]
[Annotator "TA"]
[PlyCount "126"]
[EventDate "2018.12.12"]
[EventType "tourn"]
[EventCountry "GRE"]
[SourceTitle "playchess.com"]
[Source "ChessBase"]
[SourceQuality "1"]

{[%evp 13,126,7,6,0,0,0,0,0,0,0,35,8,22,7,7,12,13,0,0,0,0,0,0,0,16,17,31,25,32,-21,-11,-21,0,-54,-54,-54,-49,-59,-53,-114,-84,-113,-114,-108,-112,-166,-148,-181,-180,-234,-159,-179,-184,-303,-308,-334,-351,-339,-354,-351,-345,-344,-307,-400,-391,-504,-512,-639,-627,-1018,-876,-879,-793,-961,-947,-1539,-1472,-1290,-1048,-1558,-1277,-1371,-1360,-1446,-1550,-2095,-2070,-2197,-1515,-5189,-5771,-2533,-5279,-4347,-2177,-29957,-29958,-5081,-6156,-29988,-29979,-29971,-29975,-29980,-29980,-29985,-29986,-29986,-29987,-29987,-29988,-29990,-29991,-29991,-29992]} 1. d4 Nf6 2. Nf3 g6 3. Bg5 Bg7 4. Nbd2 d5 5. e3 c5 6. c3 Qb6 7. Qb3 Nc6 {LiveBook: 26 Games. D03: 1 d4 d5 2 Nf3 Nf6 3 Bg5, including Torre Attack with early ...d5} 8. Qxb6 (8. Be2 O-O 9. O-O Bf5 10. h3 Rfe8 11. Bf4 Ne4 12. g4 Nxd2 13. Nxd2 Bc8 14. Qxb6 axb6 15. Bc7 cxd4 16. exd4 e5 17. dxe5 Bxe5 18. Bxe5 Rxe5 {½-½ (39) Tomashevsky,E (2722)-Volokitin,A (2668) Novi Sad 2016}) 8... axb6 9. Bb5 O-O $146 {The position is equal.} ({Predecessor:} 9... Bd7 10. O-O O-O 11. a4 c4 12. Ne5 Be8 13. e4 e6 14. exd5 exd5 15. Rfe1 {0-1 (35) Samur,A (2164)-Hobaica,J (2312) Pinamar 2005}) 10. Ne5 Na7 11. Be2 b5 12. a4 (12. O-O {feels hotter.} h6 13. Bh4 g5 14. Bg3 c4 15. a4) 12... b4 13. cxb4 ({Worse is} 13. dxc5 bxc3 14. bxc3 Ne4 $17) 13... cxd4 14. exd4 Nd7 15. Nef3 Nc6 16. Nb3 Nxb4 {Strongly threatening ...f6.} 17. O-O Nf6 18. Rfc1 h6 19. Bd2 Nc6 20. Bb5 Ne4 21. Be1 (21. Bxc6 $14 bxc6 22. Bf4) 21... Bd7 $11 22. Bxc6 bxc6 (22... Bxc6 {is more complex.} 23. Na5 Be8 24. Rc7 b5 25. Rxe7 bxa4 26. Rb7 f6) 23. Nc5 (23. Ne5 $11 Rfb8 24. Na5 Bxe5 25. dxe5) 23... Nxc5 $15 24. Rxc5 Rfb8 25. b4 f6 $1 26. Bc3 ({Better is} 26. a5 $15) 26... e6 27. Ra5 Rxa5 28. bxa5 Bf8 29. Nd2 (29. g3 $17) 29... c5 30. f4 Kf7 31. Kf2 (31. g3 {might work better.}) 31... c4 32. a6 Bd6 33. a5 (33. g3 $142) 33... Bxf4 $19 34. Rb1 Rxb1 ({Avoid the trap} 34... Bxh2 $2 35. a7 $18) 35. Nxb1 {[%mdl 4096] Endgame KBB-KBN} Bb8 ({Inferior is} 35... Bxh2 36. g3 $16) 36. Bb4 Bc8 37. Nc3 Bxa6 38. Na4 e5 {[%cal Be6e5,Be5d4][%mdl 32]} 39. Bc5 Bc7 40. Bb6 Bxb6 41. axb6 exd4 {KB-KN} 42. Nc5 {[#]} Bc8 $1 43. Ke2 Ke7 44. b7 {[#]} Bxb7 $1 45. Nxb7 {KN-KP} h5 46. Kd2 Kd7 47. Ke2 g5 48. Nc5+ Ke7 49. Kd2 f5 {[%cal Bf6f5,Bf5f4][%mdl 32]} 50. Ke2 f4 51. Na4 Kd6 52. Nb2 Kc5 53. Nd1 Kb4 54. Kd2 Kb3 55. Kc1 g4 56. g3 f3 {Black mates.} 57. Nf2 Kc3 58. h4 gxh3 59. Nxh3 Kd3 60. Kd1 Ke3 61. Ke1 c3 {[%cal Bc4c3,Bc3c2][%mdl 32]} 62. Nf4 c2 {[%cal Rc2c1]} 63. Nxd5+ Ke4 {Accuracy: White = 31%, Black = 82%.} 0-1

[Event "68th GRE-ch 2018"]
[Site "Thessaloniki"]
[Date "2018.12.14"]
[Round "3"]
[White "Makka, Evanthia"]
[Black "Nikolaidis, Ioannis"]
[Result "1-0"]
[WhiteElo "2084"]
[BlackElo "2564"]
[Annotator "TA"]
[PlyCount "95"]
[EventDate "2018.12.12"]
[EventType "tourn"]
[EventCountry "GRE"]
[SourceTitle "playchess.com"]
[Source "ChessBase"]
[SourceQuality "1"]

{[%evp 20,95,22,10,29,23,88,67,104,96,102,73,70,39,84,34,58,-2,48,38,84,84,76,87,142,127,345,330,370,346,309,189,299,217,526,518,722,697,712,705,712,705,683,671,639,643,704,678,779,645,613,576,568,574,625,612,631,629,635,623,631,620,811,797,757,742,751,712,985,978,927,891,1020,966,5876,5875,29978,4858]} 1. d4 d5 2. Nf3 e6 3. c4 dxc4 4. e3 a6 5. a4 Nf6 6. Bxc4 b6 {D26: Queen's Gambit Accepted: 4 e3 e6 5 Bxc5 c5 sidelines} 7. O-O Bb7 8. Nc3 Bb4 9. Qe2 O-O 10. Rd1 Nbd7 (10... Qe7 11. Na2 Bd6 12. Nc3 Bb4 13. Na2 Bd6 14. Nc3 {½-½ (14) Mamedyarov,S (2799)-Grischuk,A (2772) Huaian 2017}) 11. Bd3 {LiveBook: 21 Games} Qe7 12. e4 h6 $146 (12... e5 $11 {keeps the balance.}) ({Predecessor:} 12... e5 13. Bg5 h6 14. Bh4 {½-½ (65) Abdyjapar,A (2372)-Mastrovasilis,D (2594) Batumi 2018}) 13. Na2 $1 $16 c5 14. Nxb4 cxb4 15. Bd2 a5 16. Bf4 Rfc8 17. Qe3 Ba6 18. Bb1 (18. Bxa6 $14 Rxa6 19. h3) 18... Ne8 19. e5 Nf8 20. d5 exd5 21. Nd4 $1 {[%cal Bf3d4,Bd4f5,Bf5e3][%mdl 32]} Ne6 {[#]} (21... Kh8 $142) 22. Nf5 $1 {[%cal Rf5e7]} Qf8 $2 {[#]} (22... Qd8 $16 {might work better.}) 23. Bxh6 $1 $18 {[%mdl 512]} f6 (23... gxh6 24. Nxh6+) 24. Qh3 {Bxg7! is the strong threat.} Rc7 25. Ne3 $40 {[%mdl 128] White goes for the king.} Bc8 (25... Rc6 {was necessary.}) 26. Qg3 ({Resist} 26. Nxd5 $6 gxh6 27. Nxc7 N6xc7 $18) 26... fxe5 $2 (26... Kh8 {is more resistant.}) 27. Nxd5 {[%mdl 64] Double Attack} Nd4 28. Rxd4 exd4 29. Nxc7 Nxc7 30. Qxc7 Be6 31. Be4 Re8 32. Qg3 Bc4 33. Bg6 Re6 34. Bd2 Qd6 35. Qxd6 Rxd6 36. Be4 d3 37. f3 {[%cal Bf2f3,Bf3f4,Bf4f5,Bf5f6][%mdl 32]} Bb3 38. Kf2 Bc2 39. Ke3 Kf7 40. h4 g6 41. g4 {[%cal Bg2g4,Bg4g5,Bg5g6][%mdl 32]} Kg7 42. f4 Re6 43. h5 gxh5 44. g5 Re8 45. f5 h4 46. f6+ Kf7 47. Rf1 Bxa4 48. g6+ {Accuracy: White = 65%, Black = 15%.} 1-0

[Event "68th GRE-ch 2018"]
[Site "Thessaloniki"]
[Date "2018.12.15"]
[Round "4"]
[White "Nikolaidis, Ioannis"]
[Black "Gouloutis, Nikolaos"]
[Result "1/2-1/2"]
[WhiteElo "2564"]
[BlackElo "2353"]
[Annotator "TA"]
[PlyCount "125"]
[EventDate "2018.12.12"]
[EventType "tourn"]
[EventCountry "GRE"]
[SourceTitle "playchess.com"]
[Source "ChessBase"]
[SourceQuality "1"]

{[%evp 20,125,36,16,40,42,53,53,62,52,52,46,42,45,33,42,70,76,85,24,22,15,19,23,22,21,22,28,22,21,26,8,11,12,35,18,31,20,20,16,16,22,22,16,16,16,22,10,17,7,7,7,7,7,7,7,7,7,7,7,7,7,7,7,7,0,7,7,7,7,7,0,0,0,0,0,0,0,0,0,0,0,0,0,0,0,0,0,0,0,0,0,0,0,0,0,0,2,9,0,0,0,0,0,0,0,9,9]} 1. d4 Nf6 2. c4 e6 3. Nf3 Bb4+ 4. Bd2 a5 5. Qc2 d6 6. Nc3 Nbd7 7. a3 {E11: Bogo-Indian} Bxc3 8. Bxc3 Qe7 9. b3 e5 10. e3 O-O 11. Be2 {LiveBook: 3 Games} Re8 12. O-O e4 13. Nd2 d5 14. b4 $146 ({Predecessor:} 14. Rfc1 Nf8 15. b4 Ng6 16. bxa5 Qe6 {1-0 (35) Miron,L (2495)-Ganaus,H (2241) Arad 2017}) 14... axb4 15. axb4 Rxa1 16. Rxa1 dxc4 17. b5 Nd5 18. Nxc4 N7b6 19. Nxb6 (19. Ra7 $16) 19... cxb6 $11 20. Bd2 f5 21. Ra8 Be6 22. Qa4 Kf7 23. h3 Qd7 24. Rxe8 Qxe8 25. f3 exf3 26. Bxf3 Qb8 27. Qa2 Qd8 28. Qb1 Qd7 {The position is equal.} 29. e4 fxe4 30. Qxe4 Nf6 31. Qe5 Bd5 32. Be2 Qe7 33. Qxe7+ Kxe7 {[%mdl 4096] Endgame KBB-KBN} 34. Bg5 Ke6 35. Bxf6 Kxf6 {KB-KB} 36. Kf2 Ke6 37. h4 Kd6 38. g3 Be6 39. Ke3 Bd7 40. Bc4 Be8 41. Kf4 Bg6 42. Ke3 Be8 43. Ke4 Bg6+ 44. Kf4 Bc2 45. g4 h6 46. g5 hxg5+ 47. Kxg5 Bb1 48. Kg4 Bc2 49. Kf4 Bb1 50. Be2 Bc2 51. Ke3 Bg6 52. Bd3 Be8 53. Bc4 Bg6 54. Kf4 Bc2 55. Be2 Bb1 56. Ke3 Bg6 57. Kd2 Be4 58. Bd3 Bd5 59. Ke3 Bf7 60. Kf4 Kd5 61. Ke3 Kd6 62. Be2 Bg6 63. Bc4 {Accuracy: White = 48%, Black = 86%.} 1/2-1/2

[Event "68th GRE-ch 2018"]
[Site "Thessaloniki"]
[Date "2018.12.15"]
[Round "4"]
[White "Mastrovasilis, Athanasios"]
[Black "Grivas, Efstratios"]
[Result "1-0"]
[WhiteElo "2510"]
[BlackElo "2424"]
[Annotator "TA"]
[PlyCount "63"]
[EventDate "2018.12.12"]
[EventType "tourn"]
[EventCountry "GRE"]
[SourceTitle "playchess.com"]
[Source "ChessBase"]
[SourceQuality "1"]

{[%evp 20,63,64,61,78,77,83,79,116,101,137,132,129,128,130,133,147,135,150,86,90,63,105,98,110,106,116,115,116,115,248,240,485,487,479,472,613,626,608,606,595,579,858,659,575,547]} 1. d4 f5 2. Nc3 Nf6 3. Bg5 d5 4. e3 e6 5. Nf3 Be7 6. Bd3 O-O 7. O-O Ne4 8. Bxe7 Qxe7 9. Ne2 Nd7 10. c4 c6 11. Rc1 {LiveBook: 10 Games} Nd6 {D55: Queen's Gambit Declined: 4 Bg5 Be7: Lines without ...h6 and 6...h6 7 Bxf6} 12. Qb3 Qf6 $146 ({Predecessor:} 12... Kh8 13. Qa3 a5 14. Ne5 {½-½ (45) So,W (2770)-Carlsen,M (2855) Leuven 2016}) 13. h4 Kh8 {White is better.} 14. Qa3 e5 15. dxe5 Nxe5 16. Nxe5 Qxe5 17. cxd5 cxd5 18. Rc7 Be6 19. Nd4 ({White should try} 19. Qb4) 19... Bg8 $16 20. Rd7 Nc4 21. Bxc4 dxc4 22. Rxb7 f4 23. Nf3 $36 {[%mdl 2048] Black is under strong pressure.} Qf6 24. e4 Qg6 (24... Qc6 $16 25. Re7 (25. Rxa7 Rxa7 26. Qxf8 Rxa2 $16) 25... Rfe8) 25. Rd1 $18 Qxe4 $2 {[#]} (25... Rfb8 {keeps fighting.} 26. Qe7 (26. Rxa7 Qxe4 27. Kh2 Rxa7 $16) 26... Qf6) 26. Rdd7 {White is clearly winning.} Qg6 27. Rxg7 Qxg7 28. Rxg7 Kxg7 29. Qe7+ Rf7 30. Qg5+ Kh8 31. Qe5+ Rg7 32. Nd4 {Accuracy: White = 90%, Black = 25%.} 1-0

[Event "68th GRE-ch 2018"]
[Site "Thessaloniki"]
[Date "2018.12.15"]
[Round "4"]
[White "Kanakaris, Georgios"]
[Black "Koutoukidis, Panagiotis"]
[Result "1/2-1/2"]
[WhiteElo "2401"]
[BlackElo "2357"]
[Annotator "NA"]
[PlyCount "63"]
[EventDate "2018.12.12"]
[EventType "tourn"]
[EventCountry "GRE"]
[SourceTitle "playchess.com"]
[Source "ChessBase"]
[SourceQuality "1"]
[TimeControl "40/5400+30:1800+30"]

1. c4 {[%emt 0:00:00]} Nf6 {[%emt 0:00:00]} 2. g3 {[%emt 0:00:00]} e6 {[%emt 0:00:00]} 3. Bg2 {[%emt 0:00:01]} d5 {[%emt 0:00:00]} 4. Nf3 {[%emt 0:00:18]} dxc4 {[%emt 0:00:02]} 5. Qa4+ {[%emt 0:00:28]} Bd7 {[%emt 0:00:05]} 6. Qxc4 {[%emt 0:00:06]} c5 {[%emt 0:00:04]} 7. Ne5 {[%emt 0:02:01]} Qc8 {[%emt 0:00:24]} 8. Qd3 {[%emt 0:03:37]} Nc6 {[%emt 0:00:47]} 9. Nxd7 {[%emt 0:00:28]} Nxd7 {[%emt 0:02:03]} 10. Nc3 {[%emt 0:01:31]} Nb4 {[%emt 0:16:01]} 11. Qb1 {[%emt 0:00:21]} Be7 {[%emt 0:00:15]} 12. b3 {[%emt 0:05:06]} O-O {[%emt 0:00:39]} 13. O-O {[%emt 0:01:26]} Qc7 {[%emt 0:06:51]} 14. Bb2 {[%emt 0:01:30]} Rad8 {[%emt 0:02:08]} 15. Rd1 {[%emt 0:11:03]} Nc6 {[%emt 0:03:42]} 16. Qc2 {[%emt 0:11:12]} a6 {[%emt 0:06:13]} 17. Rac1 {[%emt 0:00:57]} b5 {[%emt 0:00:30]} 18. Qe4 {[%emt 0:15:33]} Rc8 {[%emt 0:10:05]} 19. e3 {[%emt 0:12:28]} Nf6 {[%emt 0:01:46]} 20. Qb1 {[%emt 0:00:03]} Qb6 {[%emt 0:02:38]} 21. Ne4 {[%emt 0:02:31]} Nd5 {[%emt 0:03:19]} 22. Qa1 {[%emt 0:05:07]} f6 {[%emt 0:08:07]} 23. Bh3 {[%emt 0:01:36]} Na5 {[%emt 0:04:23]} 24. d3 {[%emt 0:01:00]} Rcd8 {[%emt 0:04:30]} 25. Qb1 {[%emt 0:00:23]} f5 {[%emt 0:02:11]} 26. Nc3 {[%emt 0:01:19]} Nf6 {[%emt 0:02:34]} 27. Ne2 {[%emt 0:03:20]} g6 {[%emt 0:01:19]} 28. Ba1 {[%emt 0:00:49]} Rc8 {[%emt 0:03:05]} 29. Qb2 {[%emt 0:02:35]} Rfd8 {[%emt 0:01:22]} 30. Nf4 {[%emt 0:01:40]} Kf7 {[%emt 0:00:05]} 31. Bf1 {[%emt 0:01:16]} Nc6 {[%emt 0:01:38]} 32. Bg2 {[%emt 0:03:29]} 1/2-1/2

[Event "68th GRE-ch 2018"]
[Site "Thessaloniki"]
[Date "2018.12.15"]
[Round "4"]
[White "Ioannidis, Evgenios"]
[Black "Kourkoulos-Arditis, Stamatis"]
[Result "1-0"]
[WhiteElo "2382"]
[BlackElo "2424"]
[Annotator "TA"]
[PlyCount "65"]
[EventDate "2018.12.12"]
[EventType "tourn"]
[EventCountry "GRE"]
[SourceTitle "playchess.com"]
[Source "ChessBase"]
[SourceQuality "1"]

{[%evp 13,65,25,24,0,75,57,75,75,78,89,122,131,125,127,134,131,127,126,111,113,139,126,135,134,112,101,97,95,88,92,158,146,227,220,320,318,312,295,397,305,289,269,266,273,257,277,586,353,1040,1035,987,-71,956,918]} 1. e4 e6 2. d4 d5 3. Nc3 Bb4 4. Nge2 Nc6 5. a3 Ba5 6. b4 Bb6 7. Bb2 {C15: French: 3 Nc3 Bb4: Unusual White 4th moves} Nge7 {LiveBook: 21 Games} 8. Qd2 dxe4 $146 (8... O-O $11) ({Predecessor:} 8... O-O 9. Na4 a6 10. Nxb6 cxb6 11. e5 f6 12. exf6 Rxf6 13. Ng3 Ng6 14. h4 Rf7 {½-½ (41) Kovchan,A (2576)-Edouard,R (2639) Biel 2016}) 9. Nxe4 $16 {White is better.} e5 10. dxe5 Bf5 11. Qf4 Bxe4 12. Qxe4 {aiming for c4.} Qd7 13. Ng3 {Hoping for Rd1.} O-O-O {[%csl Gd8][%cal Rd7d2] [#]} 14. Bd3 Bd4 15. Bxd4 Qxd4 16. Qxd4 Rxd4 17. Ne2 Rg4 18. h3 Rxg2 19. Ng3 Nxe5 20. Be4 Rxg3 21. fxg3 f5 ({Black should play} 21... c6) 22. Bg2 h5 (22... Rd8 $16 {is a better defense.} 23. O-O Rd7) 23. O-O $18 h4 (23... Rh6 $142 24. Rae1 Re6) 24. Rae1 N5g6 25. g4 fxg4 26. Rf7 gxh3 27. Bxh3+ Kd8 28. Rxg7 Rh5 29. Be6 Rg5+ $2 {[#]} (29... Ke8 {is a better chance.} 30. Rf1 Ne5) 30. Kh2 Rg3 $2 (30... h3 31. Rd1+ Ke8 32. Bf7+ (32. Bxh3 Kf8 $16) 32... Kf8) 31. Rd1+ Ke8 32. Bf7+ Kf8 {[%mdl 1024] Black has strong compensation.} 33. Rh7 {Accuracy: White = 96%, Black = 55%.} 1-0